<?xml version="1.0" encoding="UTF-8"?>
<collection xmlns="http://www.loc.gov/MARC21/slim">
 <record>
  <leader>00399pamaa2200157   4500</leader>
  <controlfield tag="001">0000019949</controlfield>
  <controlfield tag="005">20091217090000.0</controlfield>
  <datafield tag="020" ind1="0" ind2="0">
   <subfield code="a">0586204113 </subfield>
  </datafield>
  <datafield tag="082" ind1=" " ind2=" ">
   <subfield code="a">823 ALL 1987</subfield>
  </datafield>
  <datafield tag="090" ind1="0" ind2="0">
   <subfield code="a">PS3551.L43 </subfield>
   <subfield code="b">ALL 1987</subfield>
  </datafield>
  <datafield tag="100" ind1="1" ind2="0">
   <subfield code="a">Allen </subfield>
  </datafield>
  <datafield tag="245" ind1="1" ind2="0">
   <subfield code="a">Ship of gold  </subfield>
   <subfield code="c">Thomas Allen and Norman Polmar.</subfield>
  </datafield>
  <datafield tag="260" ind1="0" ind2="0">
   <subfield code="a">London: </subfield>
   <subfield code="b">Grafton Books, </subfield>
   <subfield code="c">1987.</subfield>
  </datafield>
  <datafield tag="300" ind1=" " ind2=" ">
   <subfield code="a">382p.; </subfield>
   <subfield code="c">18cm.</subfield>
  </datafield>
  <datafield tag="650" ind1="0" ind2="0">
   <subfield code="a">Fiction </subfield>
  </datafield>
  <datafield tag="700" ind1="1" ind2="1">
   <subfield code="a">Polmar, </subfield>
   <subfield code="h">Norman </subfield>
  </datafield>
 </record>
</collection>
